000 00295nam a2200121Ia 4500
008 190216s9999||||xx |||||||||||||| ||und||
100 _aDr.Arunachadurvedi
245 0 _aHindi-Samaj Shashthr Digdarshan
260 _bPink City Publishers
_c2010
300 _a344
650 _aHindi
942 _cBK
999 _c16889
_d16889